Aspects of Risk Theory (Applied Probability)

Κύριος συγγραφέας: A.K. Gupta, T. Varga.
Μορφή: Βιβλίο
Ετικέτες: Προσθήκη ετικέτας
Δεν υπάρχουν, Καταχωρήστε ετικέτα πρώτοι!
LEADER 00266nam a22000975 4500
001 1/24972
035 |l 26757 
040 |a GR-PeUP 
100 1 |a A.K. Gupta, T. Varga. 
245 1 0 |a Aspects of Risk Theory (Applied Probability) 
852 |a INST  |b UNIPILB  |c MAIN  |e 20200922  |p 00026757  |q 00026757  |t LOAN  |y 0